| 000 | 00973cam a22002775a 4500 | ||
|---|---|---|---|
| 001 | 014662094 | ||
| 003 | OSt | ||
| 005 | 20150827104356.0 | ||
| 008 | 080701s2009 stka frb 001 0 eng d | ||
| 020 | _a9780443068980 (pbk.) | ||
| 020 | _a0443068984 (pbk.) | ||
| 040 |
_aStDuBDS _beng _cStDuBDS _dUk _dEG-ScBUE |
||
| 082 | 0 | 4 |
_a615.10246155 _bALD _222 |
| 100 | 1 |
_aAldred, Elaine M. _938400 |
|
| 245 | 1 | 0 |
_aPharmacology : _ba handbook for complementary healthcare professionals / _cby Elaine Mary Aldred ; forwords by Charles Buck, Kenneth Vall. |
| 260 |
_aEdinburgh : _bChurchill Livingstone / Elsevier Limited, _c2009. |
||
| 300 |
_axiv, 362 p. : _bill. ; _c25 cm. |
||
| 500 | _aIndex : p. 349-362. | ||
| 504 | _aIncludes bibliographical references. | ||
| 650 | 7 |
_aPharmacology. _2BUEsh _912590 |
|
| 650 | 0 |
_aAlternative medicine. _2BUEsh |
|
| 651 | _2BUEsh | ||
| 653 |
_bPPhrm _cJune2015 _cAugust2015 |
||
| 655 |
_vreading book _934232 |
||
| 942 |
_2ddc _k615.10246155 ALD |
||
| 999 |
_c20110 _d20082 |
||